CAT-A. Test de apercepción infantil. Con figuras de animales. Para niños de 3 a 10 años.
Gespeichert in:
| 1. Verfasser: | |
|---|---|
| Weitere Verfasser: | |
| Format: | Buch |
| Veröffentlicht: |
Guilford, CT, USA:
Oark Press,
2021.
|
| Ausgabe: | Primera edición. |
| Schlagworte: | |
| Tags: |
Tag hinzufügen
Keine Tags, Fügen Sie den ersten Tag hinzu!
|
MARC
| LEADER | 00000cam a2200000 a 4500 | ||
|---|---|---|---|
| 001 | UCE5974 | ||
| 003 | CL-VaPUC | ||
| 005 | 20230102133013.0 | ||
| 008 | 221220t2021 ||||| |||| 00| 0 eng d | ||
| 999 | |c 439782 |d 439780 | ||
| 020 | |a 9789501213027 | ||
| 040 | |c Pontificia Universidad Católica de Valparaíso | ||
| 082 | 0 | 4 | |a 153.73 BEL 2021 |2 21 |
| 100 | 0 | |a Bellak, Leopold |e autor |9 578638 | |
| 245 | 1 | 0 | |a CAT-A. |b Test de apercepción infantil. Con figuras de animales. Para niños de 3 a 10 años. |
| 250 | |a Primera edición. | ||
| 260 | |a Guilford, CT, USA: |b Oark Press, |c 2021. | ||
| 300 | |a 79 páginas. |e 3 cuadernillos registro,3 cuadernos de análisis, 3 protocolos de registro y 10 láminas. | ||
| 583 | |a last modification |c 20180425 05:49:24 |k Cristina María Rojas Aguilar | ||
| 650 | 7 | |a Evaluación psicológica |2 CL-VaPUC |9 375317 | |
| 650 | 0 | |a Pruebas |9 256249 | |
| 650 | 0 | |a Cognición |9 270347 | |
| 650 | 7 | |a Miedos |2 CL-VaPUC |9 551440 | |
| 650 | 7 | |a Test psicológicos |9 333478 | |
| 700 | 0 | |a Bellak, Sonya Sorel |e autora |9 578639 | |
| 942 | |c BK |2 ddc | ||
| 952 | |0 0 |1 0 |2 ddc |4 0 |6 153_730000000000000_BEL_2021 |7 0 |8 R |9 588275 |a BIBEDU |b BIBEDU |c MCIRC |d 2022-12-16 |e 92 |g 161126.00 |i 5656070 |l 21 |m 2 |o 153.73 BEL 2021 |p 5656070 |r 2025-04-25 |s 2025-04-24 |t 1 |v 161126.00 |w 2022-12-16 |y BK_R |k PSI | ||